Qui sont ces médaillés aux Jeux Olympiques 2024 ? - Natation - Statistiques

Statistiques générales
  • Ce quiz a été pris 182 fois
  • Le résultat moyen est 13 sur 32
Statistiques - réponses
Par images Hint Réponse % Correct
France Léon Marchand
99%
France Florent Manaudou
95%
États Unis Katie Ledecky
77%
Canada Summer McIntosh
77%
Roumanie David Popovici
68%
Hongrie Kristof Milak
68%
Royaume Uni Adam Peaty
67%
Italie Thomas Ceccon
62%
États Unis Caeleb Dressel
54%
France Anastasia Kirpichnikova
49%
Australie Kaylee McKeown
43%
Chine Pan Zhanle
42%
Australie Ariarne Titmus
40%
Australie Emma McKeon
40%
États Unis Gretchen Walsh
38%
États Unis Regan Smith
38%
Afrique du Sud Tatjana Smith
36%
Irlande Daniel Wiffen
33%
Australie Kyle Chalmers
33%
Australie Mollie Ocallaghan
32%
États Unis Bobby Finke
28%
États Unis Kate Douglass
27%
Italie Gregorio Paltrinieri
23%
Allemagne Lukas Maertens
21%
Suède Sarah Sjoestroem
21%
Chine Zhang Yufei
20%
Pays Bas Sharon Van Rouwendaal
19%
États Unis Torri Huske
19%
Chine Xu Jiayu
17%
Chine Yang Junxuan
14%
Royaume Uni Matthew Richards
13%
Hongrie Kristof Rasovszky
2%
Aucun quiz correspondant
Distribution des résultats
% des personnes avec chaque résultat
Percentile par nombre de réponses
Votre historique - résultats
Vous n’avez pas pris ce quiz